People, Texts and Artefacts : Cultural Transmission in the Medieval Norman Worlds (Record no. 50969)

MARC details
000 -LEADER
fixed length control field 01798nam a2200301Ia 4500
000 - LEADER
fixed length control field 02120naaa 00313uu
001 - CONTROL NUMBER
control field https://directory.doabooks.org/handle/20.500.12854/31939
005 - DATE AND TIME OF LATEST TRANSACTION
control field 20211222140512.0
008 - FIXED-LENGTH DATA ELEMENTS--GENERAL INFORMATION
fixed length control field 211013s9999 xx 000 0 und d
024 ## - OTHER STANDARD IDENTIFIER
Standard number or code 10.14296/118.9781909646568
042 ## - AUTHENTICATION CODE
Authentication code dc
245 #0 - TITLE STATEMENT
Title People, Texts and Artefacts : Cultural Transmission in the Medieval Norman Worlds
260 ## - PUBLICATION, DISTRIBUTION, ETC.
Place of publication, distribution, etc. London
Name of publisher, distributor, etc. University of London Press
Date of publication, distribution, etc. 2018
300 ## - PHYSICAL DESCRIPTION
Extent 1 electronic resource (295 p.)
520 ## - SUMMARY, ETC.
Summary, etc. This volume is based on two international conferences held in 2013 and 2014 at Ariano Irpino, and at Emmanuel College, Cambridge. It contains essays by leading scholars in the field. Like the conferences, the volume seeks to enhance interdisciplinary and international dialogue between those who work on the Normans and their conquests in northern and southern Europe in an original way. This collection has as its central theme issues related to cultural transfer, treated as being of a pan-European kind across the societies that the Normans conquered and as occurring within the distinct societies of the northern and southern conquests. These issues are also shown to be an aspect of the interaction between the Normans and the peoples they subjugated, among whom many then settled.
540 ## - TERMS GOVERNING USE AND REPRODUCTION NOTE
Terms governing use and reproduction Creative Commons
653 ## - INDEX TERM--UNCONTROLLED
Uncontrolled term Early history: c 500 to c 1450/1500
700 1# - ADDED ENTRY--PERSONAL NAME
Personal name Bates, David
700 1# - ADDED ENTRY--PERSONAL NAME
Personal name Bates, David
700 1# - ADDED ENTRY--PERSONAL NAME
Personal name D'Angelo, Edoardo
700 1# - ADDED ENTRY--PERSONAL NAME
Personal name D'Angelo, Edoardo
700 1# - ADDED ENTRY--PERSONAL NAME
Personal name van Houts, Elisabeth
856 ## - ELECTRONIC LOCATION AND ACCESS
Uniform Resource Identifier <a href="https://directory.doabooks.org/handle/20.500.12854/31939">https://directory.doabooks.org/handle/20.500.12854/31939</a>
856 ## - ELECTRONIC LOCATION AND ACCESS
Uniform Resource Identifier <a href="https://library.oapen.org/bitstream/20.500.12657/39394/1/9781909646568.pdf">https://library.oapen.org/bitstream/20.500.12657/39394/1/9781909646568.pdf</a>
856 ## - ELECTRONIC LOCATION AND ACCESS
Uniform Resource Identifier <a href="www.oapen.org">www.oapen.org</a>
942 ## - ADDED ENTRY ELEMENTS (KOHA)
Koha item type E-Book
Holdings
Withdrawn status Source of classification or shelving scheme Damaged status Not for loan Home library Current library Date acquired Total Checkouts Date last seen Price effective from Koha item type
  Library of Congress Classification   Not For Loan Directory of Open Access Books Directory of Open Access Books 12/22/2021   12/22/2021 12/22/2021 E-Book

University of Rizal System
Email us at univlibservices@urs.edu.ph

Visit our Website www.urs.edu.ph/library